[Event "Campeonato de España FEDC 2014"]
[Site "Linares ESP"]
[Date "2014.11.17"]
[Round "2.2"]
[White "Fernandez Manrique, Agustin"]
[Black "Pimienta Sanchez, Manuel"]
[Result "1-0"]
[WhiteElo "2197"]
[BlackElo "1820"]
[PlyCount "87"]
[EventDate "2014.11.16"]
[EventType "swiss"]
[EventRounds "8"]
[EventCountry "ESP"]
[Source "lmi"]
[SourceDate "2014.11.16"]

1. c4 e6 2. g3 d5 3. Bg2 d4 4. Nf3 c5 5. O-O Nc6 6. d3 Nf6 7. e3 Bd6 8. exd4
cxd4 9. a3 a5 10. b3 e5 11. Re1 O-O 12. Nbd2 Bf5 13. c5 Bc7 14. Nc4 Re8 15. Nh4
Bg4 16. Qc2 Nd5 17. Nd6 Bxd6 18. Bxd5 Bc7 19. Qc4 Be6 20. Bxe6 Rxe6 21. Bd2 g6
22. b4 axb4 23. axb4 Rxa1 24. Rxa1 e4 25. dxe4 Rxe4 26. Nf3 Qf6 27. Kg2 Kg7 28.
b5 Ne5 29. Nxe5 Qxe5 30. Rd1 Re2 31. Be3 Qe4+ 32. Kg1 Rxe3 33. fxe3 Qxe3+ 34.
Kg2 Be5 35. Qd3 Qg5 36. c6 bxc6 37. bxc6 h5 38. Qe4 Qf6 39. Re1 Bc7 40. Qd5 d3
41. Rf1 Qc3 42. Qxf7+ Kh6 43. Qf8+ Kg5 44. h4+ 1-0

[Event "Campeonato de España FEDC 2014"]
[Site "Linares ESP"]
[Date "2014.11.17"]
[Round "2.3"]
[White "Garcia Cervigon, Cecilio"]
[Black "Draghici Flutur, Gavril"]
[Result "0-1"]
[WhiteElo "1807"]
[BlackElo "2164"]
[PlyCount "36"]
[EventDate "2014.11.16"]
[EventType "swiss"]
[EventRounds "8"]
[EventCountry "ESP"]
[Source "lmi"]
[SourceDate "2014.11.16"]

1. e4 c5 2. Nf3 Nc6 3. c4 Nd4 4. Nc3 g6 5. d3 Bg7 6. g3 e6 7. Bg2 Ne7 8. Rb1
O-O 9. Bf4 d5 10. O-O dxc4 11. dxc4 Nec6 12. Qd2 Qe7 13. Rfd1 Rd8 14. Qc1 e5
15. Bg5 f6 16. Be3 Bg4 17. Bxd4 Nxd4 18. Qe3 Qf8 0-1

[Event "Campeonato de España FEDC 2014"]
[Site "Linares ESP"]
[Date "2014.11.17"]
[Round "2.4"]
[White "Vela Ignacio, Jose Manuel"]
[Black "Septien Lopez, Valeriano"]
[Result "0-1"]
[WhiteElo "2128"]
[BlackElo "1811"]
[PlyCount "86"]
[EventDate "2014.11.16"]
[EventType "swiss"]
[EventRounds "8"]
[EventCountry "ESP"]
[Source "lmi"]
[SourceDate "2014.11.16"]

1. d4 d5 2. c4 Nc6 3. e3 e6 4. a3 Nf6 5. Nc3 Be7 6. Nf3 a6 7. Bd3 dxc4 8. Bxc4
b5 9. Ba2 O-O 10. Qc2 Bb7 11. Bb1 b4 12. Ne4 Nxe4 13. Qxe4 g6 14. Qc2 Rc8 15.
O-O Qd5 16. e4 Qh5 17. axb4 Bd6 18. e5 Nxd4 19. Nxd4 Bxe5 20. Rd1 Qxh2+ 21. Kf1
Qxg2+ 22. Ke1 Qg1+ 23. Kd2 Qxf2+ 24. Kc3 Qg3+ 25. Rd3 Bxd4+ 26. Kxd4 Rfd8+ 27.
Kc3 Qe5+ 28. Kb3 Bd5+ 29. Ka3 c5 30. bxc5 Qc7 31. Rc3 Qa5+ 32. Qa4 Rxc5 33. Bd2
Rb8 34. b4 Rxc3+ 35. Bxc3 Qc7 36. Qc2 a5 37. Kb2 axb4 38. Bf6 Qf4 39. Be7 Qe5+
40. Kc1 Qxa1 41. Qc7 Qc3+ 42. Qxc3 bxc3 43. Bf6 Rc8 0-1

[Event "Campeonato de España FEDC 2014"]
[Site "Linares ESP"]
[Date "2014.11.17"]
[Round "2.5"]
[White "Lopez Perez, Angel Luis"]
[Black "Aguilar Sevilla, Diego"]
[Result "0-1"]
[WhiteElo "1769"]
[BlackElo "2105"]
[PlyCount "58"]
[EventDate "2014.11.16"]
[EventType "swiss"]
[EventRounds "8"]
[EventCountry "ESP"]
[Source "lmi"]
[SourceDate "2014.11.16"]

1. e4 c6 2. d4 d5 3. e5 Bf5 4. c3 e6 5. Ne2 c5 6. Ng3 Bg6 7. h4 h5 8. Nd2 Nc6
9. Nf3 Qb6 10. a3 cxd4 11. cxd4 Nge7 12. Bd3 Bxd3 13. Qxd3 Ng6 14. O-O Be7 15.
Bg5 Bxg5 16. hxg5 h4 17. Ne2 Qa6 18. Qxa6 bxa6 19. b4 Kd7 20. Rfc1 Rhc8 21. Rc5
a5 22. b5 Nxd4 23. Rxc8 Nxf3+ 24. gxf3 Rxc8 25. f4 Rc4 26. Rc1 Nxf4 27. Re1 Re4
28. Kf1 Rxe2 29. Rxe2 Nxe2 0-1

[Event "Campeonato de España FEDC 2014"]
[Site "Linares ESP"]
[Date "2014.11.17"]
[Round "2.6"]
[White "Clemente Llamero, Roberto"]
[Black "Rousse Mayol, Ricard"]
[Result "1-0"]
[WhiteElo "2097"]
[BlackElo "1788"]
[PlyCount "63"]
[EventDate "2014.11.16"]
[EventType "swiss"]
[EventRounds "8"]
[EventCountry "ESP"]
[Source "lmi"]
[SourceDate "2014.11.16"]

1. e4 g6 2. d4 d6 3. Nc3 Bg7 4. f4 e6 5. Nf3 c6 6. Bd3 Nd7 7. Ne2 Ne7 8. O-O c5
9. c3 a6 10. Be3 O-O 11. Qd2 b5 12. Rad1 c4 13. Bc2 Bb7 14. Ng3 d5 15. e5 a5
16. Ne2 Nf5 17. Bf2 h5 18. h3 Qe7 19. g4 hxg4 20. hxg4 Nh6 21. Bh4 Qe8 22. Nh2
b4 23. Bg5 Kh7 24. Rf3 Rh8 25. Rh3 Kg8 26. f5 b3 27. axb3 cxb3 28. Bd3 exf5 29.
Bxh6 Bxe5 30. gxf5 Ba6 31. fxg6 Bxd3 32. Qxd3 1-0

[Event "Campeonato de España FEDC 2014"]
[Site "Linares ESP"]
[Date "2014.11.17"]
[Round "2.7"]
[White "Menendez Solar, Jose Carlos"]
[Black "Olivera Gutierrez, Albert"]
[Result "0-1"]
[WhiteElo "1758"]
[BlackElo "2047"]
[PlyCount "38"]
[EventDate "2014.11.16"]
[EventType "swiss"]
[EventRounds "8"]
[EventCountry "ESP"]
[Source "lmi"]
[SourceDate "2014.11.16"]

1. d4 d5 2. c4 c6 3. Nf3 e6 4. Nc3 Nf6 5. Bg5 Nbd7 6. cxd5 exd5 7. e3 Bd6 8.
Bd3 h6 9. Bh4 O-O 10. Qc2 Re8 11. O-O-O Qa5 12. Kb1 b5 13. Rhg1 b4 14. Ne2 Rb8
15. Qd2 Ne4 16. Qe1 Ba6 17. Nc1 Nc3+ 18. bxc3 bxc3+ 19. Ka1 Qa3 0-1

[Event "Campeonato de España FEDC 2014"]
[Site "Linares ESP"]
[Date "2014.11.17"]
[Round "2.8"]
[White "Martinez Colomar, Alejandro"]
[Black "Fernandez Lago, David"]
[Result "0-1"]
[WhiteElo "1747"]
[BlackElo "2000"]
[PlyCount "26"]
[EventDate "2014.11.16"]
[EventType "swiss"]
[EventRounds "8"]
[EventCountry "ESP"]
[Source "lmi"]
[SourceDate "2014.11.16"]

1. c4 e5 2. Nc3 Nf6 3. e4 Nc6 4. g3 Bc5 5. Bg2 d6 6. Nge2 Ng4 7. O-O Qf6 8. Qe1
Be6 9. h3 Nb4 10. hxg4 Nd3 11. Qd1 Bxf2+ 12. Rxf2 Qxf2+ 13. Kh2 Ne1 0-1

[Event "Campeonato de España FEDC 2014"]
[Site "Linares ESP"]
[Date "2014.11.17"]
[Round "2.9"]
[White "Zanoletty Garcia, David"]
[Black "Quintero Gemio, Antonio J"]
[Result "1/2-1/2"]
[WhiteElo "1996"]
[BlackElo "1763"]
[PlyCount "107"]
[EventDate "2014.11.16"]
[EventType "swiss"]
[EventRounds "8"]
[EventCountry "ESP"]
[Source "lmi"]
[SourceDate "2014.11.16"]

1. d4 d5 2. Nf3 Nf6 3. e3 e6 4. Bd3 Be7 5. Nbd2 O-O 6. O-O b6 7. b3 Bb7 8. c4
c6 9. Bb2 Nbd7 10. Qc2 h6 11. Rac1 Rc8 12. Rfd1 Qc7 13. Qb1 Qb8 14. a3 Rfd8 15.
h3 a6 16. b4 b5 17. c5 Nf8 18. Ne5 N6d7 19. Nxd7 Rxd7 20. f4 Re8 21. Nf3 Qd8
22. Bc3 Rc7 23. Be1 Bc8 24. g4 f5 25. gxf5 exf5 26. Bxf5 Bxf5 27. Qxf5 Bf6 28.
Ne5 Bxe5 29. dxe5 Rf7 30. Qh5 Qc8 31. Qg4 Qxg4+ 32. hxg4 g6 33. Rc2 Ne6 34. Bg3
Ra8 35. Rh2 Kg7 36. Bh4 g5 37. Bg3 gxf4 38. exf4 Nxf4 39. Bh4 Ne6 40. Bf6+ Kg6
41. Rd3 Rh7 42. Rf2 Raa7 43. Rdf3 Raf7 44. Rf5 Nd4 45. Rh5 Ne6 46. Rfh2 Nf4 47.
Rf5 Ne6 48. Rhf2 Nd4 49. Kf1 Ne6 50. Ke1 Ra7 51. Bh4 Raf7 52. Rf6+ Rxf6 53.
Bxf6 Rf7 54. Ra2 1/2-1/2

[Event "Campeonato de España FEDC 2014"]
[Site "Linares ESP"]
[Date "2014.11.17"]
[Round "2.10"]
[White "Mondelo Fidalgo, Antonio"]
[Black "Saez Gabikagogeaskoa, Oscar"]
[Result "1/2-1/2"]
[WhiteElo "1739"]
[BlackElo "1988"]
[PlyCount "53"]
[EventDate "2014.11.16"]
[EventType "swiss"]
[EventRounds "8"]
[EventCountry "ESP"]
[Source "lmi"]
[SourceDate "2014.11.16"]

1. d4 Nf6 2. Nf3 c5 3. e3 d5 4. Bd3 c4 5. Be2 Bf5 6. b3 cxb3 7. axb3 h6 8. c4
e6 9. c5 Be7 10. Bd3 Bxd3 11. Qxd3 O-O 12. O-O Nc6 13. Ba3 b6 14. b4 bxc5 15.
bxc5 Qc7 16. Bb2 Rfb8 17. Qe2 Rb7 18. Na3 Rab8 19. Rab1 Rb3 20. Qc2 Qa5 21. Bc1
Rxb1 22. Nxb1 Ne4 23. Bd2 Qa6 24. Nc3 Qc4 25. Rc1 Ng5 26. Nxg5 hxg5 27. Rb1
1/2-1/2

[Event "Campeonato de España FEDC 2014"]
[Site "Linares ESP"]
[Date "2014.11.17"]
[Round "2.11"]
[White "Monmeneu Chulia, Vicente Juan"]
[Black "Ramirez Carrasco, Antonio"]
[Result "1/2-1/2"]
[WhiteElo "1851"]
[BlackElo "1755"]
[PlyCount "31"]
[EventDate "2014.11.16"]
[EventType "swiss"]
[EventRounds "8"]
[EventCountry "ESP"]
[Source "lmi"]
[SourceDate "2014.11.16"]

1. d4 d5 2. c4 e6 3. Nf3 Nf6 4. g3 Be7 5. Bg2 O-O 6. O-O c6 7. b3 Nbd7 8. Bb2
a6 9. c5 Ne4 10. Nfd2 Nxd2 11. Nxd2 e5 12. e4 dxe4 13. dxe5 Nxc5 14. Nxe4 Nxe4
15. Bxe4 Qxd1 16. Raxd1 1/2-1/2

[Event "Campeonato de España FEDC 2014"]
[Site "Linares ESP"]
[Date "2014.11.17"]
[Round "2.13"]
[White "Megias Gonzalez, Javier"]
[Black "Espadina Solano, Jaime"]
[Result "1/2-1/2"]
[WhiteElo "1837"]
[BlackElo "1741"]
[PlyCount "122"]
[EventDate "2014.11.16"]
[EventType "swiss"]
[EventRounds "8"]
[EventCountry "ESP"]
[Source "lmi"]
[SourceDate "2014.11.16"]

1. e4 e5 2. Nf3 Nc6 3. Bc4 Nf6 4. d4 exd4 5. O-O Nxe4 6. Re1 d5 7. Bxd5 Qxd5 8.
Nc3 Qh5 9. Nxe4 Be6 10. Bg5 Bb4 11. c3 dxc3 12. bxc3 Ba5 13. Qa4 O-O 14. Rab1
Bb6 15. Bf6 Qa5 16. Qc2 Bf5 17. Bd4 Nxd4 18. Nxd4 Bxe4 19. Rxe4 Qh5 20. Rbe1
Qg6 21. Qe2 Rad8 22. Nf3 Qf6 23. Ne5 Rd6 24. Nc4 Re6 25. Rxe6 fxe6 26. Nxb6
axb6 27. Qxe6+ Qxe6 28. Rxe6 Kf7 29. Re2 Ra8 30. f3 Ra3 31. Rc2 Ke6 32. Kf2 Kd5
33. Ke3 Kc4 34. Ke4 c5 35. Ke5 Rxc3 36. Rd2 Rc1 37. Rd7 Re1+ 38. Kf5 Re2 39.
Rxg7 Rxa2 40. h4 b5 41. g4 Ra7 42. Rxh7 b4 43. Re7 b3 44. Re1 Ra2 45. g5 b2 46.
Rb1 Kb3 47. g6 c4 48. g7 Ra8 49. h5 c3 50. h6 c2 51. Rxb2+ Kxb2 52. h7 c1=Q 53.
h8=Q Qc8+ 54. Qxc8 Rxc8 55. Ke6 b5 56. f4 b4 57. f5 Kc3 58. f6 b3 59. f7 b2 60.
f8=Q Rxf8 61. gxf8=Q b1=Q 1/2-1/2

[Event "Campeonato de España FEDC 2014"]
[Site "Linares ESP"]
[Date "2014.11.17"]
[Round "2.14"]
[White "Ortiz Amenos, Jose Luis"]
[Black "Arranz Fraile, Javier"]
[Result "1-0"]
[WhiteElo "2039"]
[BlackElo "1594"]
[PlyCount "93"]
[EventDate "2014.11.16"]
[EventType "swiss"]
[EventRounds "8"]
[EventCountry "ESP"]
[Source "lmi"]
[SourceDate "2014.11.16"]

1. e4 d6 2. d4 Nf6 3. Nc3 Nbd7 4. f4 e5 5. dxe5 dxe5 6. fxe5 Nxe5 7. Qxd8+ Kxd8
8. Bg5 c6 9. Nf3 Nxf3+ 10. gxf3 Be7 11. O-O-O+ Nd7 12. Bf4 Ke8 13. Rg1 Rg8 14.
Bc4 b5 15. Bb3 Nc5 16. Ne2 Nxb3+ 17. axb3 g5 18. Be3 Rg6 19. Nd4 h6 20. Rd2 Bd7
21. Rgd1 Rd6 22. Bf2 Bf6 23. c3 c5 24. Nc2 Rxd2 25. Rxd2 Rc8 26. Rd6 Be6 27. b4
Be7 28. Bxc5 Bxd6 29. Bxd6 Bc4 30. Nd4 a6 31. Kd2 Rd8 32. Be5 Ke7 33. Ke3 Rxd4
34. cxd4 f6 35. Bg3 h5 36. h4 Be6 37. f4 g4 38. f5 Bc4 39. d5 Bb3 40. Kd4 Bc2
41. Ke3 Bb1 42. Kf4 Bd3 43. e5 Be2 44. d6+ Kf7 45. e6+ Ke8 46. Bf2 g3 47. Bxg3
1-0

[Event "Campeonato de España FEDC 2014"]
[Site "Linares ESP"]
[Date "2014.11.17"]
[Round "2.15"]
[White "Sanchez Ruiz, Piedad Esmeralda"]
[Black "Ariste Justo, Jesus Angel"]
[Result "0-1"]
[WhiteElo "1861"]
[BlackElo "1858"]
[PlyCount "94"]
[EventDate "2014.11.16"]
[EventType "swiss"]
[EventRounds "8"]
[EventCountry "ESP"]
[Source "lmi"]
[SourceDate "2014.11.16"]

1. e4 c5 2. Nf3 e6 3. d4 cxd4 4. Nxd4 a6 5. Nc3 Qc7 6. g3 b5 7. Bg2 Bb7 8. O-O
Nf6 9. Re1 d6 10. a3 Be7 11. h3 O-O 12. f4 Nbd7 13. g4 h6 14. h4 g6 15. g5 hxg5
16. hxg5 Nh5 17. Qg4 e5 18. Nde2 exf4 19. Nxf4 Ne5 20. Qh4 Nxf4 21. Qxf4 Kg7
22. Be3 Qc4 23. Rad1 Rh8 24. Bd4 Qe6 25. Nd5 Bd8 26. Kf2 Rh5 27. Rh1 Bxg5 28.
Qg3 Rah8 29. Rxh5 Rxh5 30. Rh1 Rxh1 31. Bxh1 Bh6 32. Bg2 Bxd5 33. exd5 Qf5+ 34.
Kg1 Bf4 35. Qc3 Qg4 36. Qd3 Kh6 37. Bxe5 Bxe5 38. c3 Qh4 39. Qf3 Qe1+ 40. Bf1
Qd2 41. Qg2 Bf4 42. Qxd2 Bxd2 43. Bh3 Bc1 44. Bc8 a5 45. b3 Bxa3 46. Ba6 Bb2
47. c4 bxc4 0-1

[Event "Campeonato de España FEDC 2014"]
[Site "Linares ESP"]
[Date "2014.11.17"]
[Round "2.16"]
[White "Escabias Perez, Miguel"]
[Black "Diaz De La Guia, Luis"]
[Result "1-0"]
[WhiteElo "1590"]
[BlackElo "1653"]
[PlyCount "59"]
[EventDate "2014.11.16"]
[EventType "swiss"]
[EventRounds "8"]
[EventCountry "ESP"]
[Source "lmi"]
[SourceDate "2014.11.16"]

1. e4 d6 2. d4 Nf6 3. Nc3 Nbd7 4. f4 e5 5. Nf3 exd4 6. Qxd4 c6 7. Bc4 d5 8.
exd5 Bc5 9. Qd3 Qe7+ 10. Qe2 Qxe2+ 11. Bxe2 cxd5 12. Bd2 O-O 13. O-O-O Ng4 14.
Be1 Ne3 15. Rd3 Nf6 16. Na4 Bd6 17. Rxe3 Bxf4 18. Bd2 Bxe3 19. Bxe3 Re8 20. Kd2
Ne4+ 21. Kd1 Ng3 22. hxg3 Rxe3 23. Bd3 h6 24. Nc3 Bg4 25. Kd2 d4 26. Nd5 Re6
27. Nc7 Rd8 28. Nxe6 Bxe6 29. Rh4 Rd6 30. Rxd4 1-0

[Event "Campeonato de España FEDC 2014"]
[Site "Linares ESP"]
[Date "2014.11.17"]
[Round "2.17"]
[White "Garcia Andrinal, Antonio"]
[Black "Fernandez Cabello, Emilio"]
[Result "1-0"]
[WhiteElo "1726"]
[BlackElo "1513"]
[PlyCount "85"]
[EventDate "2014.11.16"]
[EventType "swiss"]
[EventRounds "8"]
[EventCountry "ESP"]
[Source "lmi"]
[SourceDate "2014.11.16"]

1. e4 e6 2. d4 d5 3. e5 c5 4. c3 Qb6 5. Nf3 Nc6 6. Bd3 cxd4 7. cxd4 Bd7 8. O-O
Nxd4 9. Nxd4 Qxd4 10. Nc3 a6 11. Qe2 Ne7 12. Kh1 Nc6 13. f4 Nb4 14. Rd1 Bc5 15.
Bxa6 Qf2 16. Qxf2 Bxf2 17. Be2 Nc2 18. Rb1 d4 19. Ne4 Be1 20. Nd6+ Ke7 21. a3
Bf2 22. Bd2 Ne3 23. Rdc1 Bc6 24. Bf3 Nd5 25. Rf1 Be3 26. Bxd5 Bxd2 27. Bxc6
bxc6 28. f5 Rhf8 29. Nc4 Ba5 30. Rbd1 c5 31. b4 cxb4 32. axb4 Bxb4 33. f6+ gxf6
34. exf6+ Ke8 35. Rxd4 Rd8 36. Rfd1 Rxd4 37. Rxd4 Rg8 38. Ne5 Bc3 39. Rc4 Ba5
40. Ra4 Bd8 41. Ra8 Rg5 42. Rxd8+ Kxd8 43. Nxf7+ 1-0

[Event "Campeonato de España FEDC 2014"]
[Site "Linares ESP"]
[Date "2014.11.17"]
[Round "2.18"]
[White "Bueno Cardenas, Rafael"]
[Black "Garcia Cervigon, Juan Pablo"]
[Result "0-1"]
[WhiteElo "1511"]
[BlackElo "1709"]
[PlyCount "38"]
[EventDate "2014.11.16"]
[EventType "swiss"]
[EventRounds "8"]
[EventCountry "ESP"]
[Source "lmi"]
[SourceDate "2014.11.16"]

1. e4 c5 2. Nf3 Nc6 3. d4 cxd4 4. Nxd4 Nf6 5. Nxc6 dxc6 6. Qxd8+ Kxd8 7. Bd3 e5
8. Bg5 h6 9. Bh4 g5 10. Bg3 Nd7 11. Nd2 f6 12. Nc4 Bc5 13. O-O-O Ke7 14. Be2
Nb6 15. Na5 Bb4 16. Nb3 Be6 17. a3 Bxb3 18. axb4 Bc4 19. Bg4 h5 0-1

[Event "Campeonato de España FEDC 2014"]
[Site "Linares ESP"]
[Date "2014.11.17"]
[Round "2.19"]
[White "Sanchez Ruiz, Justo"]
[Black "Martinez Perez, Carlos"]
[Result "0-1"]
[WhiteElo "1708"]
[BlackElo "1508"]
[PlyCount "90"]
[EventDate "2014.11.16"]
[EventType "swiss"]
[EventRounds "8"]
[EventCountry "ESP"]
[Source "lmi"]
[SourceDate "2014.11.16"]

1. e4 e5 2. Bc4 Nf6 3. d4 exd4 4. Nf3 Bb4+ 5. c3 dxc3 6. bxc3 Bc5 7. O-O O-O 8.
Bg5 d6 9. Nbd2 Bg4 10. h3 Bh5 11. Nb3 Bb6 12. g4 Bg6 13. e5 dxe5 14. Qxd8 Rxd8
15. Nxe5 Nbd7 16. Nxg6 hxg6 17. Rfe1 Re8 18. Nd2 Ne5 19. Bxf6 gxf6 20. Be2 a6
21. Kf1 Rad8 22. Ne4 Kg7 23. Ng3 Nd3 24. Bxd3 Rxe1+ 25. Rxe1 Rxd3 26. c4 Rd4
27. Rc1 Ba5 28. Rc2 b5 29. cxb5 axb5 30. Ke2 Bb6 31. Kf1 c5 32. Ne2 Rd1+ 33.
Kg2 b4 34. Ng3 Rd8 35. f4 Rc8 36. f5 c4 37. h4 b3 38. Re2 c3 39. fxg6 fxg6 40.
h5 Rc7 41. hxg6 Kxg6 42. Re6 Bd4 43. Ne4 b2 44. g5 Rf7 45. Nd6 b1=Q 0-1

[Event "Campeonato de España FEDC 2014"]
[Site "Linares ESP"]
[Date "2014.11.17"]
[Round "2.20"]
[White "Garcia Cruz, Francisco"]
[Black "Sanz Garcia, Ramon"]
[Result "0-1"]
[WhiteElo "1500"]
[BlackElo "1706"]
[PlyCount "108"]
[EventDate "2014.11.16"]
[EventType "swiss"]
[EventRounds "8"]
[EventCountry "ESP"]
[Source "lmi"]
[SourceDate "2014.11.16"]

1. d4 d5 2. Bf4 Nf6 3. Nf3 c5 4. Nc3 e6 5. g3 Bd6 6. Bxd6 Qxd6 7. Bg2 Nc6 8.
Nb5 Qd8 9. c3 a6 10. Na3 Qb6 11. dxc5 Qxc5 12. O-O O-O 13. Nc2 e5 14. Ne3 Rd8
15. Nd2 Be6 16. Nb3 Qb6 17. Qc2 d4 18. cxd4 Bxb3 19. Qxb3 Qxb3 20. axb3 Nxd4
21. Bxb7 Ra7 22. Bf3 e4 23. Bg2 g6 24. Rfe1 Rb8 25. Ra4 Nxb3 26. Nc4 Rd8 27.
Rb4 Nc5 28. Rc1 Rd4 29. Rb6 a5 30. e3 Rd5 31. Rxf6 Nb3 32. Bxe4 Rc5 33. Rc3 a4
34. Nd6 Rxc3 35. bxc3 a3 36. Rxf7 Rxf7 37. Bb1 Rd7 38. Nc4 Rd1+ 39. Kg2 Rxb1
40. Nxa3 Rc1 41. c4 Nc5 42. Kf3 Rc3 43. Nb5 Rxc4 44. Nd6 Rc2 45. h4 Nd3 46. Ne4
Kg7 47. g4 Nc5 48. Ng3 Rc4 49. h5 g5 50. Nf5+ Kf6 51. Nd6 Rc2 52. Nf5 Nd3 53.
Ke4 Ne5 54. Nd4 Rxf2 0-1

[Event "Campeonato de España FEDC 2014"]
[Site "Linares ESP"]
[Date "2014.11.17"]
[Round "2.21"]
[White "Merino Gomez, Aurelio"]
[Black "Lago Carballo, Carmen"]
[Result "1-0"]
[WhiteElo "1696"]
[BlackElo "1447"]
[PlyCount "71"]
[EventDate "2014.11.16"]
[EventType "swiss"]
[EventRounds "8"]
[EventCountry "ESP"]
[Source "lmi"]
[SourceDate "2014.11.16"]

1. c4 c6 2. Nc3 Nf6 3. g3 d5 4. cxd5 cxd5 5. d4 Bf5 6. Bg2 e6 7. a3 Nc6 8. Nf3
h6 9. O-O Be7 10. Re1 O-O 11. Nh4 Bh7 12. Nf3 Ne4 13. e3 Nxc3 14. bxc3 Be4 15.
Nd2 Bxg2 16. Kxg2 Bg5 17. Nf3 f5 18. Nxg5 Qxg5 19. e4 Qd8 20. exf5 exf5 21. Bf4
Re8 22. Qh5 Qd7 23. Qg6 Qf7 24. Qxf7+ Kxf7 25. Rab1 Rxe1 26. Rxe1 Re8 27. Rb1
Re7 28. h4 Rd7 29. a4 Nd8 30. Be5 Ne6 31. f4 g6 32. Kf3 h5 33. Ke3 Nc7 34. Rxb7
Ke6 35. Rxc7 Rxc7 36. Bxc7 1-0

[Event "Campeonato de España FEDC 2014"]
[Site "Linares ESP"]
[Date "2014.11.17"]
[Round "2.22"]
[White "Calvente Aldehuela, Antonia"]
[Black "Losilla Marin, Antonio"]
[Result "0-1"]
[WhiteElo "1362"]
[BlackElo "1656"]
[PlyCount "50"]
[EventDate "2014.11.16"]
[EventType "swiss"]
[EventRounds "8"]
[EventCountry "ESP"]
[Source "lmi"]
[SourceDate "2014.11.16"]

1. e4 c5 2. Nf3 Nc6 3. d4 cxd4 4. Nxd4 Nf6 5. Nc3 e6 6. Nxc6 bxc6 7. Bd3 Bb4 8.
Bd2 O-O 9. O-O d5 10. e5 Nd7 11. Qh5 f5 12. exf6 Nxf6 13. Qh4 Be7 14. Bg5 g6
15. Qh6 Rf7 16. Bxg6 hxg6 17. Qxg6+ Rg7 18. Qh6 e5 19. Rfe1 Ng4 20. Qxc6 Rb8
21. Bxe7 Qxe7 22. Qxd5+ Be6 23. Qa5 Qh4 24. g3 Qxh2+ 25. Kf1 Qxf2# 0-1

[Event "Campeonato de España FEDC 2014"]
[Site "Linares ESP"]
[Date "2014.11.17"]
[Round "2.23"]
[White "Salas Rasilla, Concepcion"]
[Black "Alarcon Alarcon, Juana"]
[Result "1-0"]
[WhiteElo "1653"]
[BlackElo "1322"]
[PlyCount "35"]
[EventDate "2014.11.16"]
[EventType "swiss"]
[EventRounds "8"]
[EventCountry "ESP"]
[Source "lmi"]
[SourceDate "2014.11.16"]

1. e4 e5 2. Nf3 Nc6 3. Bb5 Nf6 4. O-O Be7 5. Re1 O-O 6. Bxc6 bxc6 7. Nxe5 Rb8
8. Nc3 Bd6 9. d4 Ba6 10. Nf3 Be7 11. h3 Ne8 12. b3 Nd6 13. Na4 Nb5 14. c4 Bb4
15. cxb5 Bxe1 16. bxa6 Rb6 17. Qxe1 Rxa6 18. Qe2 1-0

[Event "Campeonato de España FEDC 2014"]
[Site "Linares ESP"]
[Date "2014.11.17"]
[Round "2.24"]
[White "Samper Alarcon, Julio Alfredo"]
[Black "Garcia Cruz, Jose Manuel"]
[Result "1/2-1/2"]
[WhiteElo "1627"]
[BlackElo "1300"]
[PlyCount "88"]
[EventDate "2014.11.16"]
[EventType "swiss"]
[EventRounds "8"]
[EventCountry "ESP"]
[Source "lmi"]
[SourceDate "2014.11.16"]

1. e4 d5 2. exd5 Qxd5 3. Nf3 Nf6 4. Nc3 Qa5 5. Be2 Bf5 6. O-O e6 7. Nd4 Bg6 8.
d3 c6 9. Bd2 Qc7 10. Bf3 Bd6 11. g3 Nbd7 12. Re1 Ne5 13. Bg2 O-O-O 14. a3 Qb6
15. Nb3 Bh5 16. Qc1 Neg4 17. Be3 Nxe3 18. Qxe3 Qxe3 19. Rxe3 Bg6 20. Ne4 Nxe4
21. Bxe4 f5 22. Bg2 Bf7 23. Nd2 f4 24. Re4 fxg3 25. hxg3 Rhe8 26. Rae1 Kb8 27.
Nf3 h6 28. Bh3 Rd7 29. Ne5 Bxe5 30. Rxe5 Rd6 31. f4 g6 32. g4 Kc7 33. f5 g5 34.
Kf2 Kd7 35. fxe6+ Rdxe6 36. Rxe6 Bxe6 37. Kg3 Rf8 38. Re4 Bd5 39. Rb4 b6 40.
Bg2 Ke6 41. Bxd5+ Kxd5 42. Re4 Kd6 43. Rd4+ Ke7 44. Re4+ Kd6 1/2-1/2

[Event "Campeonato de España FEDC 2014"]
[Site "Linares ESP"]
[Date "2014.11.17"]
[Round "2.25"]
[White "Juanes Paniagua, Alberto"]
[Black "Miramon Borragan, Gustavo"]
[Result "0-1"]
[WhiteElo "1321"]
[BlackElo "1626"]
[PlyCount "108"]
[EventDate "2014.11.16"]
[EventType "swiss"]
[EventRounds "8"]
[EventCountry "ESP"]
[Source "lmi"]
[SourceDate "2014.11.16"]

1. d4 g6 2. e4 Bg7 3. e5 d6 4. f4 a6 5. Be2 Nh6 6. Nf3 c6 7. O-O O-O 8. c4 b5
9. Qc2 Nd7 10. a3 Nb6 11. Be3 Bf5 12. Qb3 Be6 13. Nbd2 Ng4 14. Bf2 Nxf2 15.
Rxf2 Rb8 16. Qc2 Bh6 17. Ng5 Bf5 18. Bd3 e6 19. Bxf5 exf5 20. b3 dxe5 21. dxe5
Bxg5 22. fxg5 Qxg5 23. Nf3 Qe7 24. cxb5 cxb5 25. b4 Rbc8 26. Qa2 Nc4 27. Re2
Rfd8 28. Rae1 Rc6 29. h4 h6 30. Qb3 Kg7 31. Qc3 Kh7 32. Qb3 Re6 33. a4 Qd7 34.
a5 Qd3 35. Qa2 Qc3 36. Qb1 Nd2 37. Nxd2 Rxd2 38. Rxd2 Qxd2 39. g3 Qd4+ 40. Kh2
Rxe5 41. Rxe5 Qxe5 42. Qd3 Qb2+ 43. Kh3 Qxb4 44. Qd7 Qg4+ 45. Kg2 Qe2+ 46. Kg1
Qe6 47. Qa7 b4 48. Qb6 Qc4 49. Qf6 Qe6 50. Qb2 Qe3+ 51. Kg2 b3 52. Kh3 Qe6 53.
Kg2 g5 54. h5 Qd5+ 0-1

[Event "Campeonato de España FEDC 2014"]
[Site "Linares ESP"]
[Date "2014.11.17"]
[Round "2.26"]
[White "De Los Heros Torres, Francisco"]
[Black "Urlezaga Mandaluniz, Jose A"]
[Result "1-0"]
[WhiteElo "1624"]
[BlackElo "1284"]
[PlyCount "48"]
[EventDate "2014.11.16"]
[EventType "swiss"]
[EventRounds "8"]
[EventCountry "ESP"]
[Source "lmi"]
[SourceDate "2014.11.16"]

1. e4 c5 2. Nf3 e6 3. d4 cxd4 4. Nxd4 Nf6 5. Nc3 a6 6. e5 Nd5 7. Ne4 Bb4+ 8. c3
Ba5 9. Nd6+ Ke7 10. Bd2 Bxc3 11. bxc3 Nc6 12. Nxc6+ dxc6 13. c4 Nb6 14. Bg5+ f6
15. exf6+ gxf6 16. Bxf6+ Kxf6 17. Qf3+ Ke7 18. Rd1 Rf8 19. Qg3 Nd5 20. cxd5
Qa5+ 21. Rd2 cxd5 22. Qg7+ Kxd6 23. Qxf8+ Kd7 24. Qg7+ Kd6 1-0

[Event "Campeonato de España FEDC 2014"]
[Site "Linares ESP"]
[Date "2014.11.17"]
[Round "2.27"]
[White "Mena Lena, Antonio"]
[Black "Gil Dominguez, Angel Jesus"]
[Result "0-1"]
[WhiteElo "1296"]
[BlackElo "1571"]
[PlyCount "48"]
[EventDate "2014.11.16"]
[EventType "swiss"]
[EventRounds "8"]
[EventCountry "ESP"]
[Source "lmi"]
[SourceDate "2014.11.16"]

1. Nf3 Nf6 2. c4 d5 3. e3 Bg4 4. Nc3 dxc4 5. Bxc4 e6 6. h3 Bf5 7. O-O h6 8. Re1
Bd6 9. e4 Bh7 10. e5 Be7 11. exf6 Bxf6 12. Nd5 Nd7 13. Nxf6+ Qxf6 14. d4 O-O-O
15. Be3 g5 16. b3 Bf5 17. Bd2 g4 18. Ne5 gxh3 19. Qh5 Nxe5 20. Rxe5 Rxd4 21.
Bf4 Rxf4 22. Rae1 hxg2 23. Qh2 Rh4 24. Qxg2 Rg4 0-1